Представление документа в формате MARC21

Поле Инд. ПП Название Значение
Тип записи a
Библиографический уровень m
001 Контрольный номер 606f16c0-31bb-11db-b02a-008048b56a28
005 Дата корректировки 20140703145039.4
008 Кодируемые данные 060822
020 a ISBN 5-09-014940-2
c Цена, тираж 103.00
040 a Служба первич. каталог. НБ ТвГУ
041 a Код языка текста rus
080 a Индекс УДК 811.161.1(075.2)
084 a Индекс другой классификации/Индекс ББК Ш141.12-920
090 a Полочн. индекс Ш141.12
x Авторский знак Р89
245 10 a Заглавие Русская азбука
b Продолж. заглавия учеб. для 1 кл.
c Ответственность [В. Г. Горецкий, В. А. Кирюшкин, А. Ф. Шанько, В. Д. Берестов]
250 a Основные сведения об издании 9-е изд.
260 0_ a Место издания Москва
b Издательство Просвещение
c Дата издания 2006
300 a Объем 239 с.
b Иллюстрации/ тип воспроизводства цв. ил.
583 a Действие Получение впервые 292 07.08.2006
k Исполнитель действия ООО "Кроун"
650 a Основная рубрика Русский язык
x Основная подрубрика Азбуки
x Основная подрубрика Учебники для начальной школы
653 a Ключевые слова Азбуки
a Ключевые слова Русский язык
700 1_ a Другие авторы Горецкий Всеслав Гаврилович
e Роль лиц авт.
700 1_ a Другие авторы Кирюшкин Виктор Андреевич
e Роль лиц авт.
700 1_ a Другие авторы Шанько Анатолий Филиппович
e Роль лиц авт.
700 1_ a Другие авторы Берестов Валентин Дмитриевич
e Роль лиц авт.
852 t Порядковый номер экземпляра 12
p Инвентарный номер 848014
p Инвентарный номер 848015
p Инвентарный номер 848016
p Инвентарный номер 848017
p Инвентарный номер 848018
p Инвентарный номер 848019
p Инвентарный номер 848020
p Инвентарный номер 848021
p Инвентарный номер 848022
p Инвентарный номер 848023
p Инвентарный номер 848024
p Инвентарный номер 848025
888 a За счет средств университета
930 a Новая/Ретро учебники
a Новая/Ретро азбуки
952 p 292.2006 103.00 1 848014
p 292.2006 103.00 1 848015
p 292.2006 103.00 1 848016
p 292.2006 103.00 1 848017
p 292.2006 103.00 1 848018
p 292.2006 103.00 1 848019
p 292.2006 103.00 1 848020
p 292.2006 103.00 1 848021
p 292.2006 103.00 1 848022
p 292.2006 103.00 1 848023
p 292.2006 103.00 1 848024
p 292.2006 103.00 1 848025
c Вид литературы К ру
954 a Дата поступления на обработку 20060823
999 a Подразделение 2 Фил2